Inventari d'artistes catalans que participaren als salons de Paris fins l' any 1914 / de Sílvia Flaquer i Revaud, Ma Teresa Pagès i Gilibets ; direcció i pròleg, Francesc Fontbona
Descripción Física:
520 p. ; 24 cm
Materias:
Art català -- París -- Catàlegs
MARC
| LEADER | 00000nam a2200000Ia 4500 | ||
|---|---|---|---|
| 001 | 7663 | ||
| 008 | 160829s1986 xx 000 0 cat d | ||
| 080 | |a B-1-127 | ||
| 100 | |a Flaquer i Revaud, Sílvia |9 34781 | ||
| 245 | |a Inventari d'artistes catalans que participaren als salons de Paris fins l' any 1914 / de Sílvia Flaquer i Revaud, Ma Teresa Pagès i Gilibets ; direcció i pròleg, Francesc Fontbona | ||
| 260 | |a Barcelona : |b Diputació de Barcelona, Biblioteca de Catalunya, |c 1986 | ||
| 300 | |a 520 p. ; |c 24 cm | ||
| 490 | |a Catàlegs i altres publicacions de la secció d'estampes, mapes i gravats ; 4 | ||
| 650 | |a Art català |x París |x Catàlegs |9 34782 | ||
| 700 | |a Pagès i Giligets, Ma Teresa |9 34783 | ||
| 700 | |a Fontbona, Francesc |9 26331 | ||
| 710 | 1 | |a Biblioteca de Catalunya |9 52741 | |
| 901 | |a Arxiu | ||
| 942 | |n 1 | ||
| 952 | |0 0 |1 0 |4 0 |6 B1127 |7 1 |9 46639 |a Arxiu |b Arxiu |d 2016-12-01 |l 0 |o B-1-127 |p 7663 |r 2016-12-01 00:00:00 |w 2016-12-01 |y ARXIU | ||
| 999 | |c 50432 |d 50432 | ||